[Event "Belgrade Serbia op"]
[Site "Belgrade"]
[Date "2021.07.08"]
[Round "9"]
[White "Arsenovic, Milos"]
[Black "Rozman, Monika"]
[Result "1/2-1/2"]
[WhiteElo "2181"]
[BlackElo "2151"]
[PlyCount "111"]
[EventDate "2021.07.02"]
[EventType "swiss"]
[EventRounds "9"]
[EventCountry "SRB"]
[SourceTitle "EXT 2022"]
[Source "ChessBase"]
[SourceDate "2021.10.06"]
[SourceVersion "1"]
[SourceVersionDate "2021.10.06"]
[SourceQuality "1"]

1. d4 d5 2. c4 c6 3. Nf3 Nf6 4. Nc3 dxc4 5. a4 Bf5 6. e3 e6 7. Bxc4 Bb4 8. 0-0 0-0 9. Qe2 Bg6 10. Ne5 Nbd7 11. Nxg6 hxg6 12. e4 Nb6 13. e5 Qxd4 14. Bxe6 Rae8 15. Rd1 Qc5 16. exf6 Rxe6 17. Be3 Qc4 18. fxg7 Rfe8 19. Qd2 Nd5 20. Qd4 Nxe3 21. fxe3 Qxd4 22. exd4 Bxc3 23. bxc3 Re2 24. d5 cxd5 25. Rxd5 Rc2 26. h3 Ree2 27. Rg5 Rxc3 28. Rb1 Ra3 29. Rg4 b6 30. Rc1 Rea2 31. Rcc4 Kxg7 32. Rgf4 Rg3 33. Rc7 Rgxg2+ 34. Kf1 Kh6 35. Rcxf7 Kg5 36. h4+ Kh6 37. Rxa7 Rgb2 38. Re7 Rh2 39. Kg1 Rhg2+ 40. Kf1 Rgb2 41. Re6 Kh5 42. Re5+ Kh6 43. Re6 Ra1+ 44. Re1 Rxe1+ 45. Kxe1 Kh5 46. Kf1 Rh2 47. Rb4 Rxh4 48. Rxb6 Rxa4 49. Kg2 g5 50. Rb3 Kg4 51. Rb2 Kh4 52. Rc2 g4 53. Rb2 g3 54. Rb8 Ra2+ 55. Kg1 Ra4 56. Kg2 1/2-1/2

[Event "Belgrade Serbia op"]
[Site "Belgrade"]
[Date "2021.07.04"]
[Round "4"]
[White "Kukelko, Alexey"]
[Black "Arsenovic, Milos"]
[Result "1-0"]
[WhiteElo "2304"]
[BlackElo "2181"]
[PlyCount "69"]
[EventDate "2021.07.02"]
[EventType "swiss"]
[EventRounds "9"]
[EventCountry "SRB"]
[SourceTitle "CBM 203 Extra"]
[Source "ChessBase"]
[SourceDate "2021.09.30"]
[SourceVersion "1"]
[SourceVersionDate "2021.09.30"]
[SourceQuality "1"]

1. e4 c6 2. d4 d5 3. exd5 cxd5 4. c4 Nf6 5. Nc3 Nc6 6. Nf3 Bg4 7. Bg5 Ne4 8. cxd5 Nxc3 9. bxc3 Qxd5 10. Qb3 0-0-0 11. Be3 Bxf3 12. gxf3 e5 13. Qxd5 Rxd5 14. Bc4 Rd7 15. d5 Na5 16. Bb3 Nxb3 17. axb3 Rxd5 18. Rxa7 Kb8 19. Ke2 Bc5 20. Ra5 b6 21. Rb5 Kc7 22. b4 Kc6 23. c4 Bxe3 24. Rxd5 Bd4 25. f4 f6 26. fxe5 Bxe5 27. Rhd1 Rc8 28. b5+ Kb7 29. Rd7+ Rc7 30. Kf3 h5 31. h4 g5 32. Ke4 gxh4 33. f4 Bc3 34. Rxc7+ Kxc7 35. Rh1 1-0

[Event "Belgrade-chTB Quality"]
[Site "Belgrade"]
[Date "2018.10.28"]
[Round "10.1"]
[White "Maksimovic, Masa"]
[Black "Arsenovic, Milos"]
[Result "1/2-1/2"]
[WhiteElo "2130"]
[BlackElo "2154"]
[PlyCount "50"]
[EventDate "2018.09.29"]
[EventType "team-tourn"]
[EventRounds "11"]
[EventCountry "SRB"]
[SourceTitle "CBM 187 Extra"]
[Source "ChessBase"]
[SourceDate "2018.11.04"]
[SourceVersion "1"]
[SourceVersionDate "2018.11.04"]
[SourceQuality "1"]
[WhiteTeam "Belgrade Turbina"]
[BlackTeam "Nis Jugopetrol"]
[WhiteTeamCountry "SRB"]
[BlackTeamCountry "SRB"]

1. e4 c6 2. d4 d5 3. Nc3 dxe4 4. Nxe4 Bf5 5. Ng3 Bg6 6. h4 h6 7. Nf3 Nd7 8. h5 Bh7 9. Bd3 Bxd3 10. Qxd3 e6 11. Bd2 Ngf6 12. 0-0-0 Bd6 13. Kb1 Qc7 14. Ne4 Nxe4 15. Qxe4 Nf6 16. Qe2 0-0-0 17. c4 c5 18. Bc3 cxd4 19. Nxd4 a6 20. g3 Kb8 21. Nb3 Qc6 22. Rh4 Ka8 23. Rc1 Rhg8 24. Na5 Qb6 25. Nb3 Qc6 1/2-1/2

[Event "Belgrade-chTB Quality"]
[Site "Belgrade"]
[Date "2018.10.20"]
[Round "7.1"]
[White "Vulinovic, Radivoje"]
[Black "Arsenovic, Milos"]
[Result "1/2-1/2"]
[WhiteElo "2163"]
[BlackElo "2154"]
[PlyCount "68"]
[EventDate "2018.09.29"]
[EventType "team-tourn"]
[EventRounds "11"]
[EventCountry "SRB"]
[SourceTitle "CBM 187 Extra"]
[Source "ChessBase"]
[SourceDate "2018.11.04"]
[SourceVersion "1"]
[SourceVersionDate "2018.11.04"]
[SourceQuality "1"]
[WhiteTeam "Belgrade EDB"]
[BlackTeam "Nis Jugopetrol"]
[WhiteTeamCountry "SRB"]
[BlackTeamCountry "SRB"]

1. Nf3 Nf6 2. g3 g6 3. Bg2 Bg7 4. d4 0-0 5. 0-0 d6 6. c4 c5 7. Nc3 Nc6 8. dxc5 dxc5 9. Be3 Be6 10. Qa4 Nd4 11. Bxd4 cxd4 12. Nb5 Bd7 13. Qb3 Ne4 14. Rad1 Bxb5 15. Qxb5 Nd6 16. Qa4 Rc8 17. Nd2 Qc7 18. b3 a6 19. Qa3 b5 20. Rc1 Bh6 21. cxb5 Nxb5 22. Qxa6 Nc3 23. Qd3 Qe5 24. Bf3 Nxa2 25. Rxc8 Rxc8 26. Nc4 Qc5 27. Ra1 Nc1 28. Qd1 Nxb3 29. Qxb3 Qxc4 30. Qxc4 Rxc4 31. Ra8+ Kg7 32. h4 Bd2 33. Kg2 Bb4 34. Ra4 d3 1/2-1/2

[Event "Belgrade-chTB Quality"]
[Site "Belgrade"]
[Date "2018.10.06"]
[Round "3.1"]
[White "Hrzic, Ivan"]
[Black "Arsenovic, Milos"]
[Result "1-0"]
[WhiteElo "2289"]
[BlackElo "2154"]
[PlyCount "91"]
[EventDate "2018.09.29"]
[EventType "team-tourn"]
[EventRounds "11"]
[EventCountry "SRB"]
[SourceTitle "CBM 187 Extra"]
[Source "ChessBase"]
[SourceDate "2018.11.04"]
[SourceVersion "1"]
[SourceVersionDate "2018.11.04"]
[SourceQuality "1"]
[WhiteTeam "Belgrade Polet"]
[BlackTeam "Nis Jugopetrol"]
[WhiteTeamCountry "SRB"]
[BlackTeamCountry "SRB"]

1. e4 c6 2. d4 d5 3. exd5 cxd5 4. Bf4 Nf6 5. c3 Nc6 6. Nd2 Bf5 7. Ngf3 e6 8. Qb3 Qb6 9. Nh4 Qxb3 10. axb3 Bc2 11. Rc1 Bg6 12. Nxg6 hxg6 13. b4 Nh5 14. Be3 Bd6 15. Nb3 Ke7 16. Bb5 Nf4 17. Kf1 Rac8 18. g3 Nh3 19. Nc5 Nd8 20. Ra1 Bb8 21. Kg2 g5 22. Rhe1 f6 23. Nd7 a6 24. Nb6 Rc7 25. Be2 f5 26. Bd1 Kf6 27. Ba4 Nc6 28. Bxc6 bxc6 29. Rxa6 f4 30. gxf4 gxf4 31. Bc1 Rf7 32. f3 g6 33. b5 Rfh7 34. bxc6 Nf2 35. Nxd5+ Kg5 36. c7 Rxh2+ 37. Kf1 Rh1+ 38. Ke2 Rxe1+ 39. Kxe1 Nd3+ 40. Kd2 Nxc1 41. cxb8Q Rxb8 42. Rxe6 Nb3+ 43. Kd3 Rf8 44. c4 Kh5 45. Rb6 Nc1+ 46. Kd2 1-0

[Event "Belgrade-chTB Quality"]
[Site "Belgrade"]
[Date "2018.09.30"]
[Round "2.1"]
[White "Arsenovic, Milos"]
[Black "Petrovic, Radenko"]
[Result "1-0"]
[WhiteElo "2154"]
[BlackElo "2024"]
[PlyCount "89"]
[EventDate "2018.09.29"]
[EventType "team-tourn"]
[EventRounds "11"]
[EventCountry "SRB"]
[SourceTitle "CBM 187 Extra"]
[Source "ChessBase"]
[SourceDate "2018.11.04"]
[SourceVersion "1"]
[SourceVersionDate "2018.11.04"]
[SourceQuality "1"]
[WhiteTeam "Nis Jugopetrol"]
[BlackTeam "Belgrade Borca"]
[WhiteTeamCountry "SRB"]
[BlackTeamCountry "SRB"]

1. d4 d5 2. c4 e6 3. Nc3 Be7 4. Bf4 Nf6 5. e3 0-0 6. Nf3 Nbd7 7. Bd3 c5 8. cxd5 Nxd5 9. Nxd5 exd5 10. 0-0 Nf6 11. Rc1 c4 12. Bb1 Bg4 13. Qc2 Bh5 14. Ne5 Bg6 15. Nxg6 hxg6 16. f3 Re8 17. Qf2 Rc8 18. e4 Qb6 19. e5 Nh5 20. Be3 g5 21. g3 g6 22. Qd2 Ng7 23. Rcd1 Ne6 24. f4 gxf4 25. gxf4 Ng7 26. Qg2 c3 27. f5 c2 28. Bxc2 Rxc2 29. Qxc2 Nxf5 30. Rxf5 gxf5 31. Qxf5 Bf8 32. Rf1 Qg6+ 33. Qxg6+ fxg6 34. Rc1 Kf7 35. Bg5 Ke6 36. Rc7 Rb8 37. Bf6 Bb4 38. Kf2 Ba5 39. Re7+ Kf5 40. Rd7 Rc8 41. Ke3 Rc2 42. Rxd5 Bb6 43. Bd8 Bxd8 44. Rxd8 Rxh2 45. Rf8+ 1-0

[Event "Belgrade-chT"]
[Site "Belgrade"]
[Date "2017.10.01"]
[Round "1.1"]
[White "Arsenovic, Milos"]
[Black "Vencl, Radivoje"]
[Result "1/2-1/2"]
[WhiteElo "2145"]
[BlackElo "2254"]
[PlyCount "85"]
[EventDate "2017.10.01"]
[EventType "team-tourn"]
[EventRounds "11"]
[EventCountry "SRB"]
[SourceTitle "CBM 181 Extra"]
[Source "ChessBase"]
[SourceDate "2017.12.12"]
[SourceVersion "1"]
[SourceVersionDate "2017.12.12"]
[SourceQuality "1"]
[WhiteTeam "Nis Jugopetrol"]
[BlackTeam "Cyril i Metodije"]
[WhiteTeamCountry "SRB"]
[BlackTeamCountry "SRB"]

1. d4 d5 2. c4 c6 3. Nf3 Nf6 4. Nc3 Bf5 5. Qb3 Qb6 6. cxd5 cxd5 7. Bf4 e6 8. e3 Bb4 9. Ne5 0-0 10. Bd3 Ne4 11. Bxe4 Bxe4 12. f3 Bf5 13. g4 f6 14. gxf5 fxe5 15. Bxe5 Rxf5 16. 0-0 Nc6 17. f4 Bxc3 18. bxc3 Na5 19. Qb1 Qc6 20. Qb4 Nc4 21. Rf3 a5 22. Qe7 Nxe5 23. dxe5 Re8 24. Qa3 d4 25. Kf2 dxe3+ 26. Kxe3 g5 27. Qxa5 gxf4+ 28. Kf2 Qd7 29. Re1 Kh8 30. Qc5 Rg8 31. Re2 Qd8 32. Ke1 b6 33. Qd4 Qh4+ 34. Qf2 Qg5 35. Qxb6 Rxe5 36. Qd4 Qg1+ 37. Kd2 Qxd4+ 38. cxd4 Rxe2+ 39. Kxe2 Ra8 40. a3 Kg7 41. h3 Kg6 42. Rxf4 Rxa3 43. Re4 1/2-1/2

[Event "Belgrade-chT Quality"]
[Site "Belgrade"]
[Date "2016.10.16"]
[Round "6.1"]
[White "Arsenovic, Milos"]
[Black "Lazarevic, Zoran Voj"]
[Result "1/2-1/2"]
[WhiteElo "2120"]
[BlackElo "2151"]
[PlyCount "110"]
[EventDate "2016.10.01"]
[EventType "team-tourn"]
[EventRounds "11"]
[EventCountry "SRB"]
[SourceTitle "EXT 2018"]
[Source "ChessBase"]
[SourceDate "2017.10.13"]
[SourceVersion "1"]
[SourceVersionDate "2017.10.13"]
[SourceQuality "1"]

1. d4 d5 2. c4 c6 3. Nf3 Nf6 4. Nc3 a6 5. cxd5 cxd5 6. Bf4 Nc6 7. e3 e6 8. Ne5 Be7 9. Be2 0-0 10. 0-0 Bd7 11. Nxc6 Bxc6 12. a4 Ne4 13. Nxe4 dxe4 14. Qb3 Qa5 15. f3 Qb4 16. Qxb4 Bxb4 17. fxe4 Bxe4 18. Bf3 Bxf3 19. gxf3 Rac8 20. Rf2 Rc4 21. Rd1 f6 22. Rd3 Rd8 23. b3 Rc1+ 24. Kg2 e5 25. Bg3 Kf7 26. d5 Rc5 27. e4 g5 28. Re2 Rdc8 29. Bf2 Rc2 30. Rxc2 Rxc2 31. Kf1 Ke7 32. h4 h6 33. h5 Kd7 34. Bb6 Bc3 35. Kg1 Bd2 36. Kf1 Bb4 37. Kg1 Rc8 38. Kg2 f5 39. exf5 Rf8 40. Be3 Rxf5 41. Kg3 Rf6 42. Kg4 Kd6 43. Ba7 Rf4+ 44. Kg3 Be1+ 45. Kg2 Rf8 46. Be3 Bb4 47. Kg3 Kd7 48. Bc1 Bc5 49. Rc3 Bd4 50. Rc4 Rf6 51. Ba3 Bb6 52. d6 Rf7 53. Rb4 Kc6 54. Rc4+ Kd7 55. Rb4 Kc6 1/2-1/2

[Event "Belgrade-chT Quality"]
[Site "Belgrade"]
[Date "2016.10.02"]
[Round "2.4"]
[White "Arsenovic, Milos"]
[Black "Popovic, Aleksandar M"]
[Result "1/2-1/2"]
[WhiteElo "2120"]
[BlackElo "2232"]
[PlyCount "32"]
[EventDate "2016.10.01"]
[EventType "team-tourn"]
[EventRounds "11"]
[EventCountry "SRB"]
[SourceTitle "EXT 2018"]
[Source "ChessBase"]
[SourceDate "2017.10.13"]
[SourceVersion "1"]
[SourceVersionDate "2017.10.13"]
[SourceQuality "1"]

1. d4 Nf6 2. c4 g6 3. Nc3 Bg7 4. e4 d6 5. Nf3 0-0 6. Be2 e5 7. d5 a5 8. Bg5 h6 9. Bh4 Na6 10. Nd2 Nc5 11. g4 c6 12. f3 a4 13. b4 axb3 14. axb3 Rxa1 15. Qxa1 Bd7 16. 0-0 Na6 1/2-1/2

[Event "Belgrade Cup 16th"]
[Site "Belgrade"]
[Date "2016.05.13"]
[Round "5.1"]
[White "Milosevic, Milos"]
[Black "Arsenovic, Milos"]
[Result "1-0"]
[WhiteElo "2082"]
[BlackElo "2158"]
[PlyCount "53"]
[EventDate "2016.05.09"]
[EventType "team-swiss"]
[EventRounds "5"]
[EventCountry "SRB"]
[SourceTitle "CBM 172 Extra"]
[Source "ChessBase"]
[SourceDate "2016.06.21"]
[SourceVersion "1"]
[SourceVersionDate "2016.06.21"]
[SourceQuality "1"]
[WhiteTeam "Vreoci Turbina"]
[BlackTeam "Nis Jugopetrol"]
[WhiteTeamCountry "SRB"]
[BlackTeamCountry "SRB"]

1. d4 Nf6 2. Nf3 g6 3. g3 Bg7 4. Bg2 0-0 5. 0-0 d6 6. a4 c6 7. a5 Nbd7 8. Nc3 b5 9. Ne1 d5 10. e4 b4 11. exd5 bxc3 12. dxc6 Ba6 13. Nd3 cxb2 14. Bxb2 Rb8 15. Ba3 Rb5 16. Re1 Re8 17. cxd7 Nxd7 18. Nb4 Bb7 19. Bxb7 Rxb7 20. Nc6 Qa8 21. Nxe7+ Kh8 22. Qf3 Bxd4 23. Rad1 Bg7 24. Nxg6+ hxg6 25. Rxe8+ Qxe8 26. Qxb7 Ne5 27. Qe4 1-0

[Event "Belgrade Cup 16th"]
[Site "Belgrade"]
[Date "2016.05.09"]
[Round "1.1"]
[White "Arsenovic, Milos"]
[Black "Popovic, Aleksandar M"]
[Result "0-1"]
[WhiteElo "2158"]
[BlackElo "2241"]
[PlyCount "82"]
[EventDate "2016.05.09"]
[EventType "team-swiss"]
[EventRounds "5"]
[EventCountry "SRB"]
[SourceTitle "CBM 172 Extra"]
[Source "ChessBase"]
[SourceDate "2016.06.21"]
[SourceVersion "1"]
[SourceVersionDate "2016.06.21"]
[SourceQuality "1"]
[WhiteTeam "Nis Jugopetrol"]
[BlackTeam "PTT"]
[WhiteTeamCountry "SRB"]
[BlackTeamCountry "SRB"]

1. d4 Nf6 2. c4 c5 3. d5 e6 4. Nc3 exd5 5. cxd5 d6 6. e4 g6 7. f4 Bg7 8. Bb5+ Nfd7 9. Nf3 a6 10. Bd3 b5 11. 0-0 0-0 12. a3 Nf6 13. f5 Nbd7 14. Bg5 Rb8 15. Qe1 b4 16. Nd1 bxa3 17. Rxa3 Rb4 18. Bd2 Qb6 19. Kh1 Re8 20. fxg6 fxg6 21. Bxb4 cxb4 22. Rb3 a5 23. Bb1 Nc5 24. Re3 Ba6 25. Ng5 Bxf1 26. Qxf1 Bh6 27. Qxf6 Rf8 28. Nxh7 Rxf6 29. Nxf6+ Kg7 30. Rf3 Qb5 31. Kg1 Nb3 32. Bd3 Qc5+ 33. Kh1 Qc1 34. Rf1 Nd2 35. Ne8+ Kh8 36. Rg1 Qc5 37. e5 Qxd5 38. Bxg6 dxe5 39. Re1 e4 40. Ne3 Bxe3 41. Rxe3 Nf3 0-1

[Event "Belgrade-chT Quality"]
[Site "Belgrade"]
[Date "2015.10.03"]
[Round "1"]
[White "Simic, Radoslav"]
[Black "Arsenovic, Milos"]
[Result "1-0"]
[WhiteElo "2361"]
[BlackElo "2144"]
[PlyCount "87"]
[EventDate "2015.10.03"]
[EventType "team-tourn"]
[EventRounds "11"]
[EventCountry "SRB"]
[SourceTitle "EXT 2018"]
[Source "ChessBase"]
[SourceDate "2017.10.13"]
[SourceVersion "1"]
[SourceVersionDate "2017.10.13"]
[SourceQuality "1"]

1. c4 Nf6 2. Nf3 g6 3. b3 Bg7 4. Bb2 c5 5. Nc3 d5 6. Nxd5 0-0 7. Nxf6+ Bxf6 8. Bxf6 exf6 9. e3 Bg4 10. Be2 Nc6 11. 0-0 Qd7 12. d4 cxd4 13. Nxd4 Bxe2 14. Nxe2 Rfd8 15. Nc3 Qe6 16. Qf3 Rd6 17. Ne4 Ne5 18. Qe2 Rc6 19. Nc3 Nd7 20. Rad1 f5 21. Rd4 Nf6 22. Rfd1 Qe5 23. Nd5 Re8 24. Nxf6+ Rxf6 25. Qd2 Rfe6 26. g3 R6e7 27. a4 Rc7 28. Rd8 Rce7 29. Rxe8+ Rxe8 30. Qd5 Qc7 31. Qd7 Rc8 32. Kf1 b6 33. Qxc7 Rxc7 34. Ke2 Kf8 35. Rd5 Ke7 36. Kd3 a5 37. Kd4 Rb7 38. Kc3 Rc7 39. b4 Ra7 40. h4 Ra8 41. Kb3 Ke6 42. Rb5 Ra6 43. c5 bxc5 44. Rxa5 1-0

[Event "Belgrade tt Cup"]
[Site "Belgrade"]
[Date "2015.04.24"]
[Round "4.1"]
[White "Arsenovic, Milos"]
[Black "Nikolic, Dragoslav"]
[Result "1/2-1/2"]
[WhiteElo "2140"]
[BlackElo "2250"]
[PlyCount "90"]
[EventDate "2015.04.20"]
[EventType "team-swiss"]
[EventRounds "5"]
[EventCountry "SRB"]
[SourceTitle "CBM 166 Extra"]
[Source "ChessBase"]
[SourceDate "2015.06.18"]
[SourceVersion "1"]
[SourceVersionDate "2015.06.18"]
[SourceQuality "1"]
[WhiteTeam "Nis Jugopetrol"]
[BlackTeam "Rakovica"]
[WhiteTeamCountry "SRB"]
[BlackTeamCountry "SRB"]

1. d4 Nf6 2. c4 g6 3. Nc3 d5 4. Bf4 Bg7 5. Rc1 c6 6. e3 Bf5 7. Qb3 Qb6 8. cxd5 Qxb3 9. axb3 cxd5 10. Be5 Nbd7 11. Bb5 Kf8 12. Nf3 Nxe5 13. Nxe5 a6 14. Bd3 Be6 15. Na4 Ne4 16. Nb6 Rd8 17. Rc7 Ke8 18. Bxe4 Bxe5 19. dxe5 dxe4 20. Rxb7 Bxb3 21. 0-0 Bd1 22. h3 Rf8 23. Nd5 Rxd5 24. Rb8+ Rd8 25. Rxd8+ Kxd8 26. Rxd1+ Kc7 27. Rd4 a5 28. Ra4 Kb6 29. b4 axb4 30. Rxb4+ Kc6 31. Rd4 g5 32. Rxe4 Kd5 33. Rg4 h6 34. f4 f5 35. exf6 exf6 36. fxg5 hxg5 37. Kf2 Ke5 38. Kf3 Rb8 39. Ra4 Rb3 40. Ra5+ Ke6 41. g3 Rb1 42. Ra2 Kf5 43. e4+ Kg6 44. Ra4 Rf1+ 45. Kg4 Re1 1/2-1/2

[Event "Belgrade-chT"]
[Site "Belgrade"]
[Date "2014.10.26"]
[Round "8"]
[White "Ilijc, Milan"]
[Black "Arsenovic, Milos"]
[Result "1/2-1/2"]
[WhiteElo "2198"]
[BlackElo "2136"]
[PlyCount "64"]
[EventDate "2014.10.04"]
[EventType "team-tourn"]
[EventRounds "13"]
[EventCountry "SRB"]
[SourceTitle "EXT 2015"]
[Source "ChessBase"]
[SourceDate "2014.11.20"]
[SourceVersion "1"]
[SourceVersionDate "2014.11.20"]
[SourceQuality "1"]

1. c4 g6 2. Nc3 c5 3. Nf3 Nc6 4. e3 Nf6 5. d4 cxd4 6. exd4 d5 7. cxd5 Nxd5 8. Bc4 Nxc3 9. bxc3 Bg7 10. 0-0 0-0 11. Re1 Qc7 12. Bd3 Rd8 13. Qe2 Bg4 14. Be4 Na5 15. h3 Be6 16. Bd2 Rac8 17. Bd3 Bc4 18. Bxc4 Nxc4 19. Rac1 Nxd2 20. Nxd2 Bh6 21. Red1 Rd6 22. Rb1 Re6 23. Qf3 Bxd2 24. Rxd2 b6 25. Rc1 Rc6 26. Rd3 b5 27. d5 Rc4 28. Re1 Rxc3 29. Rxc3 Qxc3 30. Rxe7 Qxf3 31. gxf3 Rd8 32. Rxa7 Rxd5 1/2-1/2

[Event "Belgrade-chT"]
[Site "Belgrade"]
[Date "2014.05.10"]
[Round "5"]
[White "Arsenovic, Milos"]
[Black "Rajkovic, Mladen"]
[Result "1-0"]
[WhiteElo "2174"]
[BlackElo "2113"]
[PlyCount "88"]
[EventDate "2014.05.05"]
[EventType "swiss"]
[EventRounds "5"]
[EventCountry "SRB"]
[SourceTitle "CBM 160 Extra"]
[Source "ChessBase"]
[SourceDate "2014.07.01"]
[SourceVersion "1"]
[SourceVersionDate "2014.07.01"]
[SourceQuality "1"]

1. d4 d5 2. c4 c6 3. Nf3 Nf6 4. Nc3 dxc4 5. a4 Bf5 6. Ne5 Nbd7 7. Nxc4 Qc7 8. g3 e5 9. dxe5 Nxe5 10. Bf4 Nfd7 11. Bg2 Be7 12. Qc1 f6 13. 0-0 g5 14. Nxe5 Nxe5 15. Nd5 Qd7 16. Nxe7 gxf4 17. Nxf5 Qxf5 18. Qxf4 Qxf4 19. gxf4 Ng6 20. e3 Nh4 21. Bh3 Ke7 22. Rfd1 Rad8 23. Kf1 Nf3 24. Ke2 Nh4 25. Rxd8 Rxd8 26. Rd1 Rxd1 27. Kxd1 Kd6 28. Ke2 Kc5 29. Be6 Kb4 30. b3 b5 31. axb5 cxb5 32. f5 a5 33. e4 Kc3 34. e5 fxe5 35. Ke3 Nxf5+ 36. Bxf5 Kxb3 37. Bxh7 a4 38. h4 Kb2 39. h5 b4 40. h6 b3 41. Bg8 Ka3 42. Bxb3 axb3 43. h7 b2 44. h8Q b1Q 1-0

[Event "Belgrade-ch"]
[Site "Belgrade"]
[Date "2014.01.31"]
[Round "9"]
[White "Arsenovic, Milos"]
[Black "Nestorovic, Lazar"]
[Result "1/2-1/2"]
[WhiteElo "2160"]
[BlackElo "2381"]
[PlyCount "107"]
[EventDate "2014.01.23"]
[EventType "swiss"]
[EventRounds "9"]
[EventCountry "SRB"]
[SourceTitle "CBM 158 Extra"]
[Source "ChessBase"]
[SourceDate "2014.02.28"]
[SourceVersion "1"]
[SourceVersionDate "2014.02.28"]
[SourceQuality "1"]

1. d4 Nf6 2. c4 g6 3. Nc3 Bg7 4. e4 d6 5. Nf3 0-0 6. Be2 Bg4 7. Be3 Nfd7 8. Nd2 Bxe2 9. Qxe2 Nc6 10. Nf3 e5 11. d5 Nd4 12. Qd1 Nxf3+ 13. Qxf3 f5 14. Qe2 Qh4 15. g3 Qe7 16. 0-0-0 a6 17. Kb1 Nf6 18. f3 Qd7 19. Ka1 Rf7 20. Rhg1 Raf8 21. g4 fxg4 22. fxg4 Ne8 23. Nb1 Bf6 24. g5 Be7 25. Nd2 c5 26. Rdf1 Qh3 27. Rxf7 Rxf7 28. Rg3 Qd7 29. Rf3 Qg4 30. Qf1 Rxf3 31. Qxf3 Qd7 32. h3 Ng7 33. Qg4 Qe8 34. a3 Bf8 35. Ka2 Nh5 36. Nf3 b5 37. Nd2 Bg7 38. cxb5 axb5 39. b3 Kf7 40. Nb1 Nf4 41. Bxf4 exf4 42. Qxf4+ Ke7 43. Nd2 Kd7 44. Nf3 Kc7 45. Kb1 Qe7 46. Kc2 Ba1 47. a4 Qg7 48. e5 dxe5 49. Qf6 Qd7 50. Nxe5 Qxd5 51. Qe7+ Kc8 52. Qe8+ Kc7 53. Qe7+ Kc8 54. Qe8+ 1/2-1/2

[Event "Belgrade-ch"]
[Site "Belgrade"]
[Date "2014.01.24"]
[Round "2"]
[White "Arsenovic, Milos"]
[Black "Nenezic, Marko"]
[Result "1/2-1/2"]
[WhiteElo "2160"]
[BlackElo "2426"]
[PlyCount "69"]
[EventDate "2014.01.23"]
[EventType "swiss"]
[EventRounds "9"]
[EventCountry "SRB"]
[SourceTitle "CBM 158 Extra"]
[Source "ChessBase"]
[SourceDate "2014.02.28"]
[SourceVersion "1"]
[SourceVersionDate "2014.02.28"]
[SourceQuality "1"]

1. d4 Nf6 2. c4 g6 3. Nc3 Bg7 4. e4 d6 5. Nf3 0-0 6. Be2 Nbd7 7. Be3 e5 8. d5 Ng4 9. Bd2 f5 10. Ng5 Ndf6 11. h3 Nh6 12. g4 fxg4 13. hxg4 Nfxg4 14. f3 Bf6 15. Qc1 Nf7 16. Nxf7 Bh4+ 17. Kd1 Nf2+ 18. Kc2 Rxf7 19. Rh2 Bd7 20. Qe1 Nh3 21. Qh1 Bg5 22. Rxh3 Bxd2 23. Kxd2 Bxh3 24. Qxh3 Qg5+ 25. Kd3 Raf8 26. Rh1 a6 27. Qh6 Qxh6 28. Rxh6 a5 29. Nb1 Kg7 30. Rh2 h5 31. Nd2 b6 32. Nf1 Kh6 33. Ne3 Kg5 34. Rg2+ Kh6 35. Rh2 1/2-1/2

[Event "Belgrade-chT Quality"]
[Site "Belgrade"]
[Date "2012.10.31"]
[Round "9.5"]
[White "Arsenovic, Milos"]
[Black "Karanovic, Radoslav"]
[Result "1/2-1/2"]
[WhiteElo "2154"]
[BlackElo "2228"]
[PlyCount "87"]
[EventDate "2012.10.13"]
[EventType "team-tourn"]
[EventRounds "11"]
[EventCountry "SRB"]
[SourceTitle "EXT 2019"]
[Source "ChessBase"]
[SourceDate "2018.10.10"]
[SourceVersion "1"]
[SourceVersionDate "2018.10.10"]
[SourceQuality "1"]

1. d4 d5 2. c4 dxc4 3. e4 e5 4. Nf3 exd4 5. Qxd4 Qxd4 6. Nxd4 Bc5 7. Be3 Nf6 8. Nc3 0-0 9. Bxc4 Re8 10. f3 Nc6 11. 0-0-0 a6 12. Rhe1 Ne5 13. Bf1 b5 14. Nc2 Bd6 15. b3 Ng6 16. g3 h5 17. f4 Bg4 18. e5 Bxd1 19. Nxd1 Nxe5 20. fxe5 Rxe5 21. Nf2 Rae8 22. Nd3 R5e7 23. Bg2 h4 24. Bc6 Rd8 25. Nf4 hxg3 26. hxg3 Ng4 27. Bd2 Rxe1+ 28. Nxe1 Ne5 29. Bb7 a5 30. Nc2 a4 31. Bc3 axb3 32. axb3 g5 33. Nh5 b4 34. Bd4 Nd3+ 35. Kd2 Nc5 36. Nf6+ Kg7 37. Bd5 c6 38. Ne4+ Kg6 39. Bxc5 Bxc5 40. Nxc5 Rxd5+ 41. Nd3 c5 42. Ne3 Rd8 43. Ke2 Rc8 44. g4 1/2-1/2

[Event "SRB-chT quality"]
[Site "Belgrade"]
[Date "2010.10.31"]
[Round "11"]
[White "Arsenovic, Milos"]
[Black "Markovic, Misa"]
[Result "1-0"]
[WhiteElo "2160"]
[BlackElo "2193"]
[PlyCount "65"]
[EventDate "2010.10.09"]
[EventType "team-tourn"]
[EventRounds "11"]
[EventCountry "YUG"]
[SourceTitle "EXT 2011"]
[Source "ChessBase"]
[SourceDate "2010.11.26"]
[SourceVersion "1"]
[SourceVersionDate "2010.11.26"]
[SourceQuality "1"]

1. d4 d5 2. c4 c6 3. cxd5 cxd5 4. Nc3 Nf6 5. Bf4 Nc6 6. e3 Bf5 7. Nf3 Ne4 8. Qa4 Nxc3 9. bxc3 f6 10. Bb5 Qd7 11. 0-0 g5 12. Bg3 h5 13. h4 Bh6 14. c4 Be4 15. Nd2 gxh4 16. Nxe4 dxe4 17. d5 Qg4 18. dxc6 hxg3 19. cxb7+ Kf7 20. bxa8Q Rxa8 21. Rae1 Rd8 22. Qc2 h4 23. f3 exf3 24. Rxf3 e6 25. c5 Qb4 26. Ref1 Bg7 27. Rxf6+ Kg8 28. Bc4 Rd2 29. Bxe6+ Kh8 30. Rf8+ Bxf8 31. Rxf8+ Kg7 32. Rf7+ Kh6 33. Rh7+ 1-0

[Event "SRB-chT quality"]
[Site "Belgrade"]
[Date "2010.10.09"]
[Round "1"]
[White "Arsenovic, Milos"]
[Black "Kostic, Milutin B"]
[Result "0-1"]
[WhiteElo "2160"]
[BlackElo "2301"]
[PlyCount "116"]
[EventDate "2010.10.09"]
[EventType "team-tourn"]
[EventRounds "11"]
[EventCountry "YUG"]
[SourceTitle "EXT 2011"]
[Source "ChessBase"]
[SourceDate "2010.11.26"]
[SourceVersion "1"]
[SourceVersionDate "2010.11.26"]
[SourceQuality "1"]

1. d4 Nf6 2. c4 e6 3. Nf3 Bb4+ 4. Bd2 Qe7 5. e3 0-0 6. a3 Bxd2+ 7. Nbxd2 d6 8. Be2 e5 9. 0-0 a5 10. Qc2 e4 11. Ne1 c5 12. Qc3 Nc6 13. Nc2 a4 14. f4 Bf5 15. Rfb1 h5 16. d5 Na5 17. b4 axb3 18. Nxb3 Nxb3 19. Rxb3 Ra7 20. Rab1 Rfa8 21. Qb2 Bc8 22. Qc1 g6 23. Qe1 Ne8 24. Qg3 Ra4 25. h3 Ng7 26. Qg5 Qxg5 27. fxg5 Nf5 28. Kf2 h4 29. Rc3 Ng3 30. Bg4 Bxg4 31. hxg4 R8a7 32. Rb6 R4a6 33. Rb2 Kf8 34. Rcb3 Ra4 35. Rxb7 Rxb7 36. Rxb7 Rxc4 37. Rb2 Ke7 38. Ra2 Ra4 39. Na1 f6 40. Nb3 fxg5 41. Nd2 Kf6 42. Nb1 Ke5 43. Nc3 Ra8 44. Ke1 Rf8 45. Rf2 Rb8 46. Rc2 Rb3 47. a4 Ra3 48. Rc1 Kf6 49. Kd2 Ke7 50. Rb1 Kd7 51. Kc2 c4 52. Rb7+ Kc8 53. Rb4 Ra1 54. Rxc4+ Kd7 55. Nxe4 Ra2+ 56. Kd3 Rxg2 57. Nxg3 Rxg3 58. Ke2 h3 0-1